000 00962nam a22002657a 4500
999 _c64327
_d64327
005 20240530110726.0
008 180419s2017 ua g 000 0 ara d
017 _a2017/3093
_bمصر. دار الكتب
020 _a9789779111315
040 _aEG-CaGPL
_cEG-CaGPL
082 0 4 _221
_a128 /
_bع إ
100 0 _aعزت قرنى
245 1 2 _aالانسان :
_bالتكوين الاساسى والظواهر الكبرى /
_cعزت قرنى
250 _aط.1
260 _aالقاهرة :
_bالهيئة المصرية العامة للكتاب ،
_c2017.
300 _a384 ص. ؛
_c24 سم .
490 0 _aمجموعة انشاء الفلسفة المصرية.
650 0 7 _2qrmak
_aالانسان
650 0 7 _2qrmak
_aالتكوين الانسانى
650 0 7 _2qrmak
_aالظواهر الكبرى
650 0 7 _2qrmak
_aالنشوء والارتقاء
651 _2qrmak
942 _2ddc
_cBK